[Event "DVM U16 2021"]
[Site "Kiel GER"]
[Date "2022.07.25"]
[Round "5"]
[White "Payes Kanders, Valentin"]
[Black "Mandelkow, Elias"]
[Result "0-1"]
[Termination "normal"]
[Board "3.4"]
[WhiteElo "1630"]
[BlackElo "1732"]
[WhiteClock "00:25:30"]
[BlackClock "00:22:27"]
[WhiteTeam "Schachfreunde Essen-Katernberg 04/32 e. V."]
[BlackTeam "Hamburger SK von 1830 eV"]
[PlyCount "92"]
[WhiteFideId "16261046"]
[BlackFideId "16233239"]
[EventCountry "GER"]
[EventRounds "7"]
[EventType "team-swiss"]
[EventDate "2022.07.22"]

1. d4 {[%clk 01:30:46]} {[%emt 00:00:03]} Nf6 {[%clk 01:31:17]} 2. c4 {[%clk
01:31:01]} g6 {[%clk 01:31:30]} 3. Nc3 {[%clk 01:31:26]} Bg7 {[%clk 01:31:25]}
4. g3 {[%clk 01:27:39]} O-O {[%clk 01:31:29]} 5. Bg2 {[%clk 01:25:34]} c5
{[%clk 01:25:32]} 6. d5 {[%clk 01:24:56]} d6 {[%clk 01:16:19]} 7. Nf3 {[%clk
01:21:33]} Na6 {[%clk 01:15:47]} 8. O-O {[%clk 01:20:48]} Nc7 {[%clk 01:07:26]}
9. Bf4 {[%clk 01:17:20]} a6 {[%clk 01:07:41]} 10. a4 {[%clk 01:17:06]} b6
{[%clk 01:00:32]} 11. Qd2 {[%clk 01:14:10]} Re8 {[%clk 00:50:17]} 12. Rfe1
{[%clk 01:10:07]} Rb8 {[%clk 00:45:09]} 13. e4 {[%clk 00:50:20]} Nh5 {[%clk
00:42:56]} 14. Bh6 {[%clk 00:49:06]} f6 {[%clk 00:36:12]} 15. Bxg7 {[%clk
00:48:50]} Nxg7 {[%clk 00:31:20]} 16. Rad1 {[%clk 00:46:49]} b5 {[%clk
00:31:41]} 17. axb5 {[%clk 00:47:03]} axb5 {[%clk 00:26:38]} 18. e5 {[%clk
00:34:11]} fxe5 {[%clk 00:22:08]} 19. Re4 {[%clk 00:26:14]} Rf8 {[%clk
00:21:22]} 20. Ng5 {[%clk 00:25:12]} b4 {[%clk 00:18:12]} 21. Nxh7 {[%clk
00:18:15]} Nf5 {[%clk 00:10:13]} 22. Nxf8 {[%clk 00:16:50]} bxc3 {[%clk
00:09:09]} 23. Qg5 {[%clk 00:16:14]} Qxf8 {[%clk 00:08:39]} 24. Qxg6+ {[%clk
00:16:21]} Qg7 {[%clk 00:08:40]} 25. Qxg7+ {[%clk 00:14:27]} Nxg7 {[%clk
00:09:00]} 26. bxc3 {[%clk 00:13:35]} Rb3 {[%clk 00:06:48]} 27. f4 {[%clk
00:11:36]} exf4 {[%clk 00:07:04]} 28. Rxe7 {[%clk 00:11:28]} Nce8 {[%clk
00:03:44]} 29. gxf4 {[%clk 00:10:54]} Rxc3 {[%clk 00:01:49]} 30. Rde1 {[%clk
00:10:27]} Nf6 {[%clk 00:01:42]} 31. Rc7 {[%clk 00:09:19]} Bf5 {[%clk
00:01:41]} 32. Rc6 {[%clk 00:07:23]} Rxc4 {[%clk 00:02:01]} 33. Rxd6 {[%clk
00:06:26]} Kf7 {[%clk 00:01:43]} 34. Rc6 {[%clk 00:04:02]} Ne4 {[%clk
00:01:30]} 35. d6 {[%clk 00:03:05]} Ne6 {[%clk 00:00:58]} 36. Ra6 {[%clk
00:01:05]} Ke8 {[%clk 00:00:47]} 37. Ra7 {[%clk 00:00:45]} Kd8 {[%clk
00:00:45]} 38. Rb1 {[%clk 00:01:03]} Rb4 {[%clk 00:00:35]} 39. Rba1 {[%clk
00:01:07]} Nxd6 {[%clk 00:00:34]} 40. Bc6 {[%clk 00:01:15]} Nc7 {[%clk
00:30:15]} 41. Rc1 {[%clk 00:30:32]} c4 {[%clk 00:29:21]} 42. Rd1 {[%clk
00:26:35]} Bd3 {[%clk 00:22:49]} 43. Kf2 {[%clk 00:26:02]} Rb2+ {[%clk
00:22:02]} 44. Ke3 {[%clk 00:25:07]} Nf5+ {[%clk 00:22:23]} 45. Kf3 {[%clk
00:25:30]} Nd4+ {[%clk 00:22:27]} 46. Kg4 {[%clk 00:25:30]} Be2+ 0-1

[Event "DVM U16 2021"]
[Site "Kiel GER"]
[Date "2022.07.25"]
[Round "5"]
[White "Reichmann, Felix"]
[Black "Rose, Daniel"]
[Result "1/2-1/2"]
[Termination "normal"]
[Board "4.1"]
[WhiteElo "1827"]
[BlackElo "1973"]
[WhiteClock "01:26:34"]
[BlackClock "00:28:25"]
[WhiteTeam "Schachfreunde Nordost Berlin"]
[BlackTeam "SV Königsjäger Süd-West e.V."]
[PlyCount "86"]
[WhiteFideId "16238290"]
[BlackFideId "16242963"]
[EventCountry "GER"]
[EventRounds "7"]
[EventType "team-swiss"]
[EventDate "2022.07.22"]

1. c4 {[%clk 01:30:57]} {[%emt 00:00:03]} c5 {[%clk 01:30:53]} {[%emt
00:00:06]} 2. Nc3 {[%clk 01:31:21]} {[%emt 00:00:07]} Nc6 {[%clk 01:31:17]}
{[%emt 00:00:06]} 3. Nf3 {[%clk 01:30:58]} {[%emt 00:00:53]} g6 {[%clk
01:31:01]} {[%emt 00:00:46]} 4. g3 {[%clk 01:30:47]} {[%emt 00:00:41]} Bg7
{[%clk 01:31:26]} {[%emt 00:00:05]} 5. Bg2 {[%clk 01:31:15]} {[%emt 00:00:03]}
d6 {[%clk 01:31:34]} {[%emt 00:00:22]} 6. d3 {[%clk 01:31:18]} {[%emt
00:00:26]} Nf6 {[%clk 01:31:40]} {[%emt 00:00:25]} 7. Bd2 {[%clk 01:31:36]}
{[%emt 00:00:12]} O-O {[%clk 01:29:59]} {[%emt 00:02:11]} 8. O-O {[%clk
01:31:53]} {[%emt 00:00:13]} Bf5 {[%clk 01:27:09]} {[%emt 00:03:19]} 9. a3
{[%clk 01:30:44]} {[%emt 00:01:40]} Qd7 {[%clk 01:26:48]} {[%emt 00:00:51]} 10.
Re1 {[%clk 01:30:56]} {[%emt 00:00:19]} Bh3 {[%clk 01:25:46]} {[%emt 00:01:32]}
11. Bh1 {[%clk 01:31:20]} {[%emt 00:00:06]} h6 {[%clk 01:18:25]} {[%emt
00:07:51]} 12. Rb1 {[%clk 01:31:07]} {[%emt 00:00:42]} a5 {[%clk 01:10:27]}
{[%emt 00:08:29]} 13. Na4 {[%clk 01:27:56]} {[%emt 00:03:41]} Ra6 {[%clk
01:07:28]} {[%emt 00:03:28]} 14. Bc3 {[%clk 01:23:57]} {[%emt 00:04:31]} Na7
{[%clk 01:00:27]} {[%emt 00:07:31]} 15. b3 {[%clk 01:20:33]} {[%emt 00:03:54]}
b5 {[%clk 00:57:15]} {[%emt 00:03:42]} 16. cxb5 {[%clk 01:20:54]} {[%emt
00:00:09]} Nxb5 {[%clk 00:57:40]} {[%emt 00:00:05]} 17. Bb2 {[%clk 01:21:17]}
{[%emt 00:00:06]} Rb8 {[%clk 00:48:51]} {[%emt 00:09:18]} 18. Nc3 {[%clk
01:15:02]} {[%emt 00:06:46]} Be6 {[%clk 00:44:05]} {[%emt 00:05:16]} 19. a4
{[%clk 01:13:07]} {[%emt 00:02:25]} Nxc3 {[%clk 00:40:41]} {[%emt 00:03:54]}
20. Bxc3 {[%clk 01:13:32]} {[%emt 00:00:05]} Nd5 {[%clk 00:32:08]} {[%emt
00:09:02]} 21. Bxg7 {[%clk 01:13:52]} {[%emt 00:00:11]} Kxg7 {[%clk 00:32:37]}
{[%emt 00:00:01]} 22. Qc2 {[%clk 01:13:24]} {[%emt 00:00:58]} Nb4 {[%clk
00:23:34]} {[%emt 00:09:33]} 23. Qc3+ {[%clk 01:13:27]} {[%emt 00:00:27]} Kh7
{[%clk 00:22:40]} {[%emt 00:01:24]} 24. Nd2 {[%clk 01:13:21]} {[%emt 00:00:35]}
Rab6 {[%clk 00:08:09]} {[%emt 00:15:01]} 25. Nc4 {[%clk 01:11:29]} {[%emt
00:02:22]} Bxc4 {[%clk 00:08:37]} {[%emt 00:00:01]} 26. dxc4 {[%clk 01:11:22]}
{[%emt 00:00:37]} Nc6 {[%clk 00:07:53]} {[%emt 00:01:15]} 27. Bxc6 {[%clk
01:11:26]} {[%emt 00:00:26]} Qxc6 {[%clk 00:08:18]} {[%emt 00:00:04]} 28. Qf3
{[%clk 01:08:47]} {[%emt 00:03:09]} Qxf3 {[%clk 00:08:05]} {[%emt 00:00:44]}
29. exf3 {[%clk 01:09:13]} {[%emt 00:00:04]} e6 {[%clk 00:07:24]} {[%emt
00:01:11]} 30. Re3 {[%clk 01:09:05]} {[%emt 00:00:38]} Rb4 {[%clk 00:07:45]}
{[%emt 00:00:09]} 31. Rd1 {[%clk 01:09:31]} {[%emt 00:00:05]} R4b6 {[%clk
00:05:15]} {[%emt 00:03:00]} 32. f4 {[%clk 01:09:33]} {[%emt 00:00:28]} Kg7
{[%clk 00:05:36]} {[%emt 00:00:09]} 33. Rdd3 {[%clk 01:09:59]} {[%emt
00:00:05]} Kf6 {[%clk 00:05:18]} {[%emt 00:00:48]} 34. Kg2 {[%clk 01:10:20]}
{[%emt 00:00:09]} Ke7 {[%clk 00:05:42]} {[%emt 00:00:05]} 35. Kf3 {[%clk
01:10:23]} {[%emt 00:00:27]} Kd7 {[%clk 00:06:06]} {[%emt 00:00:06]} 36. g4
{[%clk 01:10:16]} {[%emt 00:00:37]} Re8 {[%clk 00:03:59]} {[%emt 00:02:36]} 37.
f5 {[%clk 01:02:47]} {[%emt 00:08:00]} Kc6 {[%clk 00:03:56]} {[%emt 00:00:33]}
38. h4 {[%clk 01:01:38]} {[%emt 00:01:39]} Rbb8 {[%clk 00:04:13]} {[%emt
00:00:12]} 39. fxg6 {[%clk 00:58:24]} {[%emt 00:03:45]} fxg6 {[%clk 00:04:41]}
{[%emt 00:00:01]} 40. Ke4 {[%clk 00:58:11]} {[%emt 00:00:43]} Rf8 {[%clk
00:03:09]} {[%emt 00:02:03]} 41. Rf3 {[%clk 00:57:46]} {[%emt 00:00:55]} Kd7
{[%clk 00:29:47]} {[%emt 00:03:51]} 42. Rxf8 {[%clk 01:26:17]} {[%emt
00:01:59]} Rxf8 {[%clk 00:30:15]} {[%emt 00:00:02]} 43. f4 {[%clk 01:26:34]}
{[%emt 00:00:13]} Kc6 {[%clk 00:28:25]} {[%emt 00:02:19]} 1/2-1/2

[Event "DVM U16 2021"]
[Site "Kiel GER"]
[Date "2022.07.25"]
[Round "5"]
[White "Abed, Karim"]
[Black "Gutewort, Paul Emil"]
[Result "1/2-1/2"]
[Termination "normal"]
[Board "4.2"]
[WhiteElo "1843"]
[BlackElo "1702"]
[WhiteClock "00:22:15"]
[BlackClock "00:04:09"]
[WhiteTeam "SV Königsjäger Süd-West e.V."]
[BlackTeam "Schachfreunde Nordost Berlin"]
[PlyCount "102"]
[WhiteFideId "16242785"]
[BlackFideId "16204182"]
[EventCountry "GER"]
[EventRounds "7"]
[EventType "team-swiss"]
[EventDate "2022.07.22"]

1. d4 {[%clk 01:30:45]} {[%emt 00:00:14]} g6 {[%clk 01:30:54]} {[%emt
00:00:06]} 2. b3 {[%clk 01:31:09]} {[%emt 00:00:07]} Bg7 {[%clk 01:31:18]}
{[%emt 00:00:05]} 3. Bb2 {[%clk 01:31:35]} {[%emt 00:00:04]} c5 {[%clk
01:27:53]} {[%emt 00:03:55]} 4. Nf3 {[%clk 01:31:49]} {[%emt 00:00:17]} Nc6
{[%clk 01:25:47]} {[%emt 00:02:36]} 5. e3 {[%clk 01:31:01]} {[%emt 00:01:18]}
a6 {[%clk 01:21:51]} {[%emt 00:04:25]} 6. c4 {[%clk 01:30:09]} {[%emt
00:01:22]} d6 {[%clk 01:20:12]} {[%emt 00:02:09]} 7. Be2 {[%clk 01:28:54]}
{[%emt 00:01:46]} cxd4 {[%clk 01:15:54]} {[%emt 00:04:48]} 8. Nxd4 {[%clk
01:28:10]} {[%emt 00:01:14]} Nxd4 {[%clk 01:15:40]} {[%emt 00:00:44]} 9. Bxd4
{[%clk 01:28:01]} {[%emt 00:00:39]} Nf6 {[%clk 01:15:56]} {[%emt 00:00:14]} 10.
O-O {[%clk 01:26:48]} {[%emt 00:01:43]} O-O {[%clk 01:14:43]} {[%emt 00:01:43]}
11. Bf3 {[%clk 01:21:26]} {[%emt 00:05:52]} Qc7 {[%clk 01:10:38]} {[%emt
00:04:34]} 12. Qe2 {[%clk 01:19:23]} {[%emt 00:02:33]} Bd7 {[%clk 01:09:58]}
{[%emt 00:01:10]} 13. Nd2 {[%clk 01:18:15]} {[%emt 00:01:37]} Bc6 {[%clk
01:07:10]} {[%emt 00:03:19]} 14. Rac1 {[%clk 01:16:14]} {[%emt 00:02:32]} Nd7
{[%clk 01:02:31]} {[%emt 00:05:09]} 15. Rfd1 {[%clk 01:10:14]} {[%emt
00:06:29]} Rfd8 {[%clk 00:59:42]} {[%emt 00:03:18]} 16. b4 {[%clk 01:03:47]}
{[%emt 00:06:58]} Bxf3 {[%clk 00:56:30]} {[%emt 00:03:41]} 17. Nxf3 {[%clk
01:00:42]} {[%emt 00:03:36]} Bxd4 {[%clk 00:52:10]} {[%emt 00:04:50]} 18. exd4
{[%clk 01:00:20]} {[%emt 00:00:53]} Nf6 {[%clk 00:49:36]} {[%emt 00:03:04]} 19.
h3 {[%clk 00:48:09]} {[%emt 00:12:40]} Rac8 {[%clk 00:47:03]} {[%emt 00:03:03]}
20. a3 {[%clk 00:46:00]} {[%emt 00:02:39]} Rd7 {[%clk 00:41:16]} {[%emt
00:06:16]} 21. Rd3 {[%clk 00:41:10]} {[%emt 00:05:21]} Qd8 {[%clk 00:40:27]}
{[%emt 00:01:19]} 22. Nd2 {[%clk 00:32:04]} {[%emt 00:09:36]} a5 {[%clk
00:33:48]} {[%emt 00:07:09]} 23. b5 {[%clk 00:25:56]} {[%emt 00:06:39]} b6
{[%clk 00:28:07]} {[%emt 00:06:11]} 24. Nf3 {[%clk 00:20:59]} {[%emt 00:05:26]}
Rdc7 {[%clk 00:25:53]} {[%emt 00:02:44]} 25. Rdc3 {[%clk 00:18:23]} {[%emt
00:03:07]} Nd5 {[%clk 00:24:49]} {[%emt 00:01:34]} 26. R3c2 {[%clk 00:15:31]}
{[%emt 00:03:21]} Nf4 {[%clk 00:24:19]} {[%emt 00:01:00]} 27. Qe3 {[%clk
00:13:09]} {[%emt 00:02:53]} Ne6 {[%clk 00:23:35]} {[%emt 00:01:14]} 28. Ne1
{[%clk 00:10:15]} {[%emt 00:03:24]} Qd7 {[%clk 00:20:20]} {[%emt 00:03:45]} 29.
a4 {[%clk 00:09:30]} {[%emt 00:01:15]} Nd8 {[%clk 00:08:12]} {[%emt 00:12:37]}
30. Nd3 {[%clk 00:08:41]} {[%emt 00:01:19]} Qe6 {[%clk 00:07:34]} {[%emt
00:01:08]} 31. Nf4 {[%clk 00:04:02]} {[%emt 00:05:09]} Qxe3 {[%clk 00:05:41]}
{[%emt 00:02:23]} 32. fxe3 {[%clk 00:04:32]} {[%emt 00:00:01]} e6 {[%clk
00:05:35]} {[%emt 00:00:36]} 33. Nd3 {[%clk 00:04:41]} {[%emt 00:00:20]} Nb7
{[%clk 00:05:50]} {[%emt 00:00:15]} 34. Kf2 {[%clk 00:04:42]} {[%emt 00:00:29]}
f6 {[%clk 00:04:02]} {[%emt 00:02:18]} 35. g4 {[%clk 00:03:33]} {[%emt
00:01:39]} g5 {[%clk 00:03:48]} {[%emt 00:00:44]} 36. Kg3 {[%clk 00:02:53]}
{[%emt 00:01:10]} h6 {[%clk 00:03:49]} {[%emt 00:00:29]} 37. Rc3 {[%clk
00:01:12]} {[%emt 00:02:11]} Kf7 {[%clk 00:03:07]} {[%emt 00:01:12]} 38. h4
{[%clk 00:01:20]} {[%emt 00:00:23]} Kg7 {[%clk 00:02:42]} {[%emt 00:00:55]} 39.
Nf2 {[%clk 00:01:28]} {[%emt 00:00:23]} d5 {[%clk 00:02:08]} {[%emt 00:01:04]}
40. e4 {[%clk 00:00:39]} {[%emt 00:01:17]} Rxc4 {[%clk 00:01:41]} {[%emt
00:00:58]} 41. Rxc4 {[%clk 00:00:33]} {[%emt 00:00:36]} Rxc4 {[%clk 00:18:16]}
{[%emt 00:13:55]} 42. Rxc4 {[%clk 00:31:02]} {[%emt 00:00:01]} dxc4 {[%clk
00:18:35]} {[%emt 00:00:11]} 43. Nd1 {[%clk 00:30:34]} {[%emt 00:00:58]} gxh4+
{[%clk 00:18:27]} {[%emt 00:00:38]} 44. Kxh4 {[%clk 00:31:01]} {[%emt
00:00:02]} Nd6 {[%clk 00:17:33]} {[%emt 00:01:25]} 45. Nc3 {[%clk 00:25:18]}
{[%emt 00:06:13]} f5 {[%clk 00:12:53]} {[%emt 00:05:10]} 46. gxf5 {[%clk
00:22:53]} {[%emt 00:02:55]} exf5 {[%clk 00:13:18]} {[%emt 00:00:04]} 47. exf5
{[%clk 00:23:12]} {[%emt 00:00:11]} Nxf5+ {[%clk 00:13:40]} {[%emt 00:00:08]}
48. Kg4 {[%clk 00:23:26]} {[%emt 00:00:17]} Nxd4 {[%clk 00:14:04]} {[%emt
00:00:06]} 49. Kf4 {[%clk 00:23:26]} {[%emt 00:00:30]} Kf6 {[%clk 00:07:44]}
{[%emt 00:06:50]} 50. Ke4 {[%clk 00:22:24]} {[%emt 00:01:31]} Nb3 {[%clk
00:05:21]} {[%emt 00:02:54]} 51. Kd5 {[%clk 00:22:15]} {[%emt 00:00:40]} h5
{[%clk 00:04:09]} {[%emt 00:01:41]} 1/2-1/2

[Event "DVM U16 2021"]
[Site "Kiel GER"]
[Date "2022.07.25"]
[Round "5"]
[White "Duduka, Artem"]
[Black "Boissel, Kasimir"]
[Result "1/2-1/2"]
[Termination "normal"]
[Board "4.3"]
[WhiteElo "1566"]
[BlackElo "1781"]
[WhiteClock "01:15:45"]
[BlackClock "01:09:46"]
[WhiteTeam "Schachfreunde Nordost Berlin"]
[BlackTeam "SV Königsjäger Süd-West e.V."]
[PlyCount "50"]
[WhiteFideId "14194805"]
[BlackFideId "16298209"]
[EventCountry "GER"]
[EventRounds "7"]
[EventType "team-swiss"]
[EventDate "2022.07.22"]

1. e4 {[%clk 01:30:52]} {[%emt 00:00:07]} e6 {[%clk 01:30:56]} {[%emt
00:00:04]} 2. d4 {[%clk 01:31:18]} {[%emt 00:00:05]} d5 {[%clk 01:31:22]}
{[%emt 00:00:04]} 3. exd5 {[%clk 01:31:44]} {[%emt 00:00:05]} exd5 {[%clk
01:31:46]} {[%emt 00:00:06]} 4. Nf3 {[%clk 01:32:10]} {[%emt 00:00:03]} Nf6
{[%clk 01:32:11]} {[%emt 00:00:05]} 5. Bd3 {[%clk 01:32:34]} {[%emt 00:00:06]}
Bd6 {[%clk 01:32:34]} {[%emt 00:00:07]} 6. Qe2+ {[%clk 01:33:00]} {[%emt
00:00:05]} Be7 {[%clk 01:32:33]} {[%emt 00:00:31]} 7. O-O {[%clk 01:33:23]}
{[%emt 00:00:07]} O-O {[%clk 01:32:58]} {[%emt 00:00:05]} 8. Re1 {[%clk
01:33:42]} {[%emt 00:00:11]} Re8 {[%clk 01:33:18]} {[%emt 00:00:10]} 9. Bg5
{[%clk 01:34:04]} {[%emt 00:00:08]} Bd7 {[%clk 01:32:07]} {[%emt 00:01:41]} 10.
Qd2 {[%clk 01:34:19]} {[%emt 00:00:14]} Be6 {[%clk 01:29:46]} {[%emt 00:02:52]}
11. c3 {[%clk 01:33:17]} {[%emt 00:01:32]} Nbd7 {[%clk 01:30:04]} {[%emt
00:00:12]} 12. Qc2 {[%clk 01:32:08]} {[%emt 00:01:39]} Nf8 {[%clk 01:24:39]}
{[%emt 00:05:55]} 13. Nbd2 {[%clk 01:31:05]} {[%emt 00:01:33]} Ng6 {[%clk
01:23:13]} {[%emt 00:01:56]} 14. Ne5 {[%clk 01:28:34]} {[%emt 00:03:01]} Nd7
{[%clk 01:18:05]} {[%emt 00:05:36]} 15. Bxe7 {[%clk 01:27:39]} {[%emt
00:01:27]} Rxe7 {[%clk 01:16:57]} {[%emt 00:01:38]} 16. Ndf3 {[%clk 01:26:41]}
{[%emt 00:01:27]} Ndxe5 {[%clk 01:16:30]} {[%emt 00:00:57]} 17. Nxe5 {[%clk
01:26:59]} {[%emt 00:00:12]} Kf8 {[%clk 01:13:43]} {[%emt 00:03:18]} 18. Re3
{[%clk 01:23:33]} {[%emt 00:03:55]} Nxe5 {[%clk 01:13:20]} {[%emt 00:00:53]}
19. Rxe5 {[%clk 01:23:31]} {[%emt 00:00:32]} g6 {[%clk 01:12:47]} {[%emt
00:01:04]} 20. Qd2 {[%clk 01:22:42]} {[%emt 00:01:19]} Kg7 {[%clk 01:12:26]}
21. f4 {[%clk 01:17:28]} {[%emt 00:06:35]} f6 {[%clk 01:10:59]} 22. Re3 {[%clk
01:17:29]} {[%emt 00:02:24]} Bf7 {[%clk 01:10:02]} 23. Rae1 {[%clk 01:16:05]}
{[%emt 00:03:21]} Rxe3 {[%clk 01:09:29]} 24. Rxe3 {[%clk 01:16:03]} {[%emt
00:01:36]} Qd7 {[%clk 01:09:23]} 25. Qe2 {[%clk 01:15:45]} {[%emt 00:01:25]}
Re8 {[%clk 01:09:46]} 1/2-1/2

[Event "DVM U16 2021"]
[Site "Kiel GER"]
[Date "2022.07.25"]
[Round "5"]
[White "Korek, Jakob Alexander"]
[Black "Beck, Felix"]
[Result "1/2-1/2"]
[Termination "normal"]
[Board "4.4"]
[WhiteElo "1611"]
[BlackElo "1501"]
[WhiteClock "00:28:40"]
[BlackClock "00:15:44"]
[WhiteTeam "SV Königsjäger Süd-West e.V."]
[BlackTeam "Schachfreunde Nordost Berlin"]
[PlyCount "103"]
[WhiteFideId "16240022"]
[BlackFideId "16255364"]
[EventCountry "GER"]
[EventRounds "7"]
[EventType "team-swiss"]
[EventDate "2022.07.22"]

1. d4 {[%clk 01:30:59]} d5 {[%clk 01:30:47]} {[%emt 00:00:13]} 2. c4 {[%clk
01:31:21]} {[%emt 00:00:08]} c6 {[%clk 01:30:58]} {[%emt 00:00:19]} 3. Nf3
{[%clk 01:31:33]} {[%emt 00:00:18]} Nf6 {[%clk 01:31:09]} {[%emt 00:00:19]} 4.
e3 {[%clk 01:30:40]} {[%emt 00:01:24]} Bf5 {[%clk 01:31:01]} {[%emt 00:00:37]}
5. Nc3 {[%clk 01:30:26]} {[%emt 00:00:44]} e6 {[%clk 01:30:34]} {[%emt
00:00:58]} 6. Nh4 {[%clk 01:28:36]} {[%emt 00:02:19]} Bg6 {[%clk 01:30:19]}
{[%emt 00:00:45]} 7. Nxg6 {[%clk 01:26:50]} {[%emt 00:02:15]} hxg6 {[%clk
01:30:41]} {[%emt 00:00:09]} 8. Qc2 {[%clk 01:25:03]} {[%emt 00:02:17]} Be7
{[%clk 01:21:36]} {[%emt 00:09:35]} 9. b3 {[%clk 01:23:29]} {[%emt 00:02:05]}
Nbd7 {[%clk 01:17:22]} {[%emt 00:04:43]} 10. Bb2 {[%clk 01:21:16]} {[%emt
00:02:43]} a6 {[%clk 01:10:57]} {[%emt 00:06:55]} 11. h3 {[%clk 01:17:18]}
{[%emt 00:04:27]} Rc8 {[%clk 01:05:33]} {[%emt 00:05:54]} 12. Bd3 {[%clk
01:14:27]} {[%emt 00:03:21]} O-O {[%clk 01:04:41]} {[%emt 00:01:22]} 13. O-O
{[%clk 01:13:17]} {[%emt 00:01:40]} c5 {[%clk 00:54:27]} {[%emt 00:10:45]} 14.
Qe2 {[%clk 01:07:15]} {[%emt 00:06:31]} Qc7 {[%clk 00:39:50]} {[%emt 00:15:07]}
15. Rac1 {[%clk 01:05:27]} {[%emt 00:02:18]} dxc4 {[%clk 00:38:06]} {[%emt
00:02:15]} 16. bxc4 {[%clk 01:02:56]} {[%emt 00:03:00]} Rfd8 {[%clk 00:37:18]}
{[%emt 00:01:18]} 17. Rfd1 {[%clk 00:55:32]} {[%emt 00:07:54]} Nb6 {[%clk
00:34:02]} {[%emt 00:03:46]} 18. Nb1 {[%clk 00:51:10]} {[%emt 00:04:52]} Rd7
{[%clk 00:26:48]} {[%emt 00:07:44]} 19. Nd2 {[%clk 00:50:03]} {[%emt 00:01:37]}
Qd8 {[%clk 00:19:45]} {[%emt 00:07:34]} 20. Nf3 {[%clk 00:48:35]} {[%emt
00:01:57]} Bd6 {[%clk 00:11:28]} {[%emt 00:08:46]} 21. Qc2 {[%clk 00:35:32]}
{[%emt 00:13:34]} cxd4 {[%clk 00:09:48]} {[%emt 00:02:11]} 22. Bxd4 {[%clk
00:33:08]} {[%emt 00:02:54]} Bc5 {[%clk 00:09:52]} {[%emt 00:00:27]} 23. Qb3
{[%clk 00:30:49]} {[%emt 00:02:48]} Bxd4 {[%clk 00:08:58]} {[%emt 00:01:24]}
24. exd4 {[%clk 00:30:48]} {[%emt 00:00:31]} Qc7 {[%clk 00:07:01]} {[%emt
00:02:28]} 25. Rc2 {[%clk 00:29:19]} {[%emt 00:01:59]} Rb8 {[%clk 00:05:44]}
{[%emt 00:01:47]} 26. Rb1 {[%clk 00:27:00]} {[%emt 00:02:48]} Nc8 {[%clk
00:05:42]} {[%emt 00:00:33]} 27. Qb2 {[%clk 00:20:49]} {[%emt 00:06:41]} Re7
{[%clk 00:05:08]} {[%emt 00:01:03]} 28. Ne5 {[%clk 00:14:47]} {[%emt 00:06:32]}
Nd7 {[%clk 00:04:55]} {[%emt 00:00:43]} 29. Nxd7 {[%clk 00:09:38]} {[%emt
00:05:39]} Rxd7 {[%clk 00:05:15]} {[%emt 00:00:10]} 30. c5 {[%clk 00:08:45]}
{[%emt 00:01:22]} Qc6 {[%clk 00:04:33]} {[%emt 00:01:13]} 31. Rd2 {[%clk
00:08:14]} {[%emt 00:01:01]} Ne7 {[%clk 00:02:39]} {[%emt 00:02:24]} 32. Rbd1
{[%clk 00:08:09]} {[%emt 00:00:34]} Nd5 {[%clk 00:02:56]} {[%emt 00:00:13]} 33.
Be4 {[%clk 00:08:16]} {[%emt 00:00:23]} Rbd8 {[%clk 00:02:57]} {[%emt
00:00:29]} 34. Qb3 {[%clk 00:07:59]} {[%emt 00:00:47]} Rb8 {[%clk 00:02:04]}
{[%emt 00:01:23]} 35. Rb1 {[%clk 00:07:16]} {[%emt 00:01:12]} Qc7 {[%clk
00:00:47]} {[%emt 00:01:48]} 36. Bxd5 {[%clk 00:07:18]} {[%emt 00:00:28]} Rxd5
{[%clk 00:01:07]} {[%emt 00:00:10]} 37. Rd3 {[%clk 00:06:57]} {[%emt 00:00:51]}
Qc6 {[%clk 00:01:16]} {[%emt 00:00:22]} 38. Qb2 {[%clk 00:05:50]} {[%emt
00:01:34]} e5 {[%clk 00:01:16]} {[%emt 00:00:32]} 39. Qb6 {[%clk 00:04:47]}
{[%emt 00:01:33]} Qxb6 {[%clk 00:01:32]} {[%emt 00:00:14]} 40. Rxb6 {[%clk
00:05:07]} {[%emt 00:00:10]} Rxd4 {[%clk 00:00:54]} {[%emt 00:01:08]} 41. Rxd4
{[%clk 00:03:47]} {[%emt 00:01:50]} exd4 {[%clk 00:01:17]} {[%emt 00:00:08]}
42. c6 {[%clk 00:03:48]} {[%emt 00:00:29]} d3 {[%clk 00:24:05]} {[%emt
00:07:42]} 43. cxb7 {[%clk 00:33:57]} {[%emt 00:00:21]} d2 {[%clk 00:24:19]}
{[%emt 00:00:16]} 44. Rd6 {[%clk 00:34:18]} {[%emt 00:00:09]} Rxb7 {[%clk
00:24:11]} {[%emt 00:00:39]} 45. Rxd2 {[%clk 00:33:59]} {[%emt 00:00:48]} Rb1+
{[%clk 00:24:10]} {[%emt 00:00:31]} 46. Kh2 {[%clk 00:34:24]} {[%emt 00:00:04]}
Ra1 {[%clk 00:24:37]} {[%emt 00:00:04]} 47. Kg3 {[%clk 00:34:42]} {[%emt
00:00:12]} Rc1 {[%clk 00:19:33]} {[%emt 00:05:34]} 48. Rd8+ {[%clk 00:32:02]}
{[%emt 00:03:11]} Kh7 {[%clk 00:19:56]} {[%emt 00:00:07]} 49. Rd3 {[%clk
00:32:28]} {[%emt 00:00:03]} Rc6 {[%clk 00:19:18]} {[%emt 00:01:08]} 50. h4
{[%clk 00:31:55]} {[%emt 00:01:03]} Kh6 {[%clk 00:16:35]} {[%emt 00:03:13]} 51.
f4 {[%clk 00:31:15]} {[%emt 00:01:10]} f6 {[%clk 00:15:44]} {[%emt 00:01:22]}
52. a3 {[%clk 00:28:40]} {[%emt 00:03:06]} 1/2-1/2